Hospodářské vztahy ČR - SRN a jejich sociální souvislosti
Motivácia zahraničných investorov v ČR. Postoje českých podnikateľov a českej verejnosti. Očakávania českých národohospodárov od zahraničných investícií. Formulácia hlavných faktorov a tendencií v oblasti sociálnej problematiky. Český vývoz do SRN. Kapitálové investície zahraničných podnikateľov. Vý...
Salvato in:
| Autore principale: | |
|---|---|
| Altri autori: | |
| Natura: | Capitolo di libro |
| Lingua: | ceco |
| Soggetti: | |
| Tags: |
Nessun Tag, puoi essere il primo ad aggiungerne!!
|
MARC
| LEADER | 00000naa a2200000 4500 | ||
|---|---|---|---|
| 001 | r019164 | ||
| 005 | 20221205102348.7 | ||
| 041 | 0 | |a cze | |
| 044 | |a CZ | ||
| 245 | 1 | 0 | |a Hospodářské vztahy ČR - SRN a jejich sociální souvislosti |c Miroslav Farský, Libor Měsíček |
| 520 | |a Motivácia zahraničných investorov v ČR. Postoje českých podnikateľov a českej verejnosti. Očakávania českých národohospodárov od zahraničných investícií. Formulácia hlavných faktorov a tendencií v oblasti sociálnej problematiky. Český vývoz do SRN. Kapitálové investície zahraničných podnikateľov. Význam prihraničnej spolupráce v rámci euroregiónov. Hospodárska spolupráca a koordinácia v euroregiónoch. | ||
| 610 | 2 | 0 | |a spolupráca hospodárska medzinárodná |
| 610 | 2 | 0 | |a vzťahy hospodárske medzinárodné |
| 610 | 2 | 0 | |a Česko |
| 610 | 2 | 0 | |a vývoz |
| 610 | 2 | 0 | |a Nemecko |
| 610 | 2 | 0 | |a investície zahraničné |
| 610 | 2 | 0 | |a investori |
| 610 | 2 | 0 | |a podnikatelia |
| 610 | 2 | 0 | |a regióny |
| 610 | 2 | 0 | |a euroregióny |
| 610 | 2 | 0 | |a Európa |
| 610 | 2 | 0 | |a politika hospodárska |
| 100 | 1 | |a Farský, Miroslav | |
| 700 | 1 | |a Měsíček, Libor | |